<?xml version="1.0" encoding="UTF-8"?><?xml-stylesheet type="text/xsl" href="static/style.xsl"?><OAI-PMH xmlns="http://www.openarchives.org/OAI/2.0/" xmlns:xsi="http://www.w3.org/2001/XMLSchema-instance" xsi:schemaLocation="http://www.openarchives.org/OAI/2.0/ http://www.openarchives.org/OAI/2.0/OAI-PMH.xsd"><responseDate>2026-06-01T13:39:02Z</responseDate><request verb="GetRecord" identifier="oai:riuma.uma.es:10630/38672" metadataPrefix="marc">https://riuma.uma.es/rest/oai/request</request><GetRecord><record><header><identifier>oai:riuma.uma.es:10630/38672</identifier><datestamp>2026-02-03T12:48:24Z</datestamp><setSpec>com_10630_4046</setSpec><setSpec>com_10630_10</setSpec><setSpec>col_10630_37938</setSpec></header><metadata><record xmlns="http://www.loc.gov/MARC21/slim" xmlns:dcterms="http://purl.org/dc/terms/" xmlns:doc="http://www.lyncode.com/xoai" xmlns:xsi="http://www.w3.org/2001/XMLSchema-instance" xsi:schemaLocation="http://www.loc.gov/MARC21/slim http://www.loc.gov/standards/marcxml/schema/MARC21slim.xsd">
   <leader>00925njm 22002777a 4500</leader>
   <datafield ind2=" " ind1=" " tag="042">
      <subfield code="a">dc</subfield>
   </datafield>
   <datafield ind2=" " ind1=" " tag="720">
      <subfield code="a">Espinosa Torres, Iván de Jesús</subfield>
      <subfield code="e">author</subfield>
   </datafield>
   <datafield ind2=" " ind1=" " tag="260">
      <subfield code="c">2015</subfield>
   </datafield>
   <datafield ind2=" " ind1=" " tag="520">
      <subfield code="a">Actualmente las políticas educativas nacionales e internacionales derivadas de&#xd;
posicionamientos neoliberales sitúan a la escuela como un espacio de conocimientos&#xd;
técnicos, prescriptivos y ejecutivos, ajenos de sus sujetos y de sus condiciones&#xd;
culturales, sociales, políticas, históricas, económicas, geográficas y económicas. Desde&#xd;
esta perspectiva la escuela moderna generalmente promueve praxis educativas con&#xd;
carácter social irrelevante, en donde el pensamiento creativo así como otras&#xd;
posibilidades de imaginar el espacio educativo son relegadas y banalizadas bajo el&#xd;
argumento hegemónico de que solamente es posible pensar a las instituciones&#xd;
educativas de la manera en que tradicionalmente se ha hecho.</subfield>
   </datafield>
   <datafield ind1="8" ind2=" " tag="024">
      <subfield code="a">978-84-606-8099-4</subfield>
   </datafield>
   <datafield ind1="8" ind2=" " tag="024">
      <subfield code="a">https://hdl.handle.net/10630/38672</subfield>
   </datafield>
   <datafield tag="653" ind2=" " ind1=" ">
      <subfield code="a">Investigación activa en educación</subfield>
   </datafield>
   <datafield tag="653" ind2=" " ind1=" ">
      <subfield code="a">Enseñanza - Innovaciones</subfield>
   </datafield>
   <datafield tag="653" ind2=" " ind1=" ">
      <subfield code="a">Creatividad (Educación)</subfield>
   </datafield>
   <datafield ind2="0" ind1="0" tag="245">
      <subfield code="a">Pensamiento creativo en espacios interculturales. Re-pensar, re-hacer y re-organizar el currículo escolar para la transformación social desde la escuela</subfield>
   </datafield>
</record>
</metadata></record></GetRecord></OAI-PMH>